Taylor Swift - Paroles The Fate of Ophelia - Statistiques

Statistiques générales
  • Ce quiz a été pris 347 fois
  • Le résultat moyen est 367 sur 442
Statistiques - réponses
Hint Réponse % Correct
the
100%
The
100%
Couplet 1 I
99%
a
98%
(a
98%
fate
98%
of
98%
Ophelia
98%
(Ophelia)
98%
you
98%
You
98%
me
97%
me,
97%
me)
97%
on
97%
all
96%
Refrain All
96%
all)
96%
to
96%
my
95%
see
95%
(see
95%
your
95%
in
93%
it,
93%
it
93%
No
93%
sky
93%
alone
92%
can
92%
tower
91%
and
90%
And
90%
Pré-refrain And
90%
Pré-refrain And
90%
Now
90%
now
90%
where
90%
sea,
89%
that
89%
time,
89%
be
88%
from
88%
megaphone
88%
were
88%
heard
87%
one
87%
night,
86%
night
86%
calling
85%
just
85%
one
85%
powers
85%
Saved
85%
saved
85%
land,
83%
myself,
83%
for
82%
heart
82%
been,
81%
been
81%
team,
81%
hands,
80%
sat
80%
you're
80%
never
78%
vibes
78%
'cause
77%
if
77%
Keep
77%
daughter
76%
hell
76%
mine
76%
out
76%
you've
75%
grave
74%
hundred
74%
loyalty
74%
wanna
74%
fantasy
73%
It's
73%
dreaming
72%
eldest
72%
lived
71%
As
70%
Late
68%
sleepless
68%
'bout
66%
Don't
65%
melancholy
65%
come
64%
(come
64%
legend
64%
nobleman
64%
watch
64%
you'd
64%
came
63%
care
63%
key
63%
Right
63%
before
62%
only
62%
allegiance
61%
because
61%
blow
61%
Pledge
61%
has
60%
memory
60%
swore
60%
up
60%
inside
58%
possess
58%
quite
58%
fire
57%
match
57%
like
56%
locked
56%
Locked
56%
longer
56%
drowned
55%
was
55%
are
54%
But
54%
her
54%
honing
54%
pyro
54%
scorpions
54%
chain
53%
chain),
53%
crown
52%
crown),
52%
love
52%
drowning
50%
dug
50%
purgatory
50%
lit
49%
might've
48%
sanity
48%
into
47%
full
46%
light
46%
vine
45%
vine)
45%
stole
44%
around
42%
cold
42%
bed
40%
deceived
40%
Pulling
40%
venom
39%
lingered
34%
wrap
34%
Bridge 'Tis
21%
Aucun quiz correspondant
Distribution des résultats
% des personnes avec chaque résultat
Percentile par nombre de réponses
Votre historique - résultats
Vous n’avez pas pris ce quiz